000 01272cam a2200373 i 4500
001 3026
003 HMS
005 20251204101850.0
008 780301e1978 paua b 001 0 eng
010 _a 77079863
020 _a0721612121
035 _a4140822
040 _ahms
_cspa
_dhms
050 0 4 _aQZ200.3 A468m
082 0 0 _a618.92/994
_219
100 1 _aAltman, Arnold J.
_94961
245 1 0 _aMalignant diseases of infancy, childhood, and adolescence /
_cby Arnold J. Altman, Allen D. Schwartz.
_h[libro]
_nVolumen XVIII
260 _aPhiladelphia :
_bSaunders,
_c1978.
300 _axiv, 531 p. :
_bill. ;
_c26 cm.
336 _atext
_btxt
_2rdacontent
337 _aunmediated
_bn
_2rdamedia
338 _avolume
_bnc
_2rdacarrier
490 0 _aMajor problems in clinical pediatrics ;
_vv. 18
500 _aIncluye índice
504 _aIncludes bibliographies and index.
650 7 _aCancer in children.
_94962
650 7 _aCáncer infantil
_94963
650 7 _aNeoplasias
_xEn adolescencia.
_94964
650 7 _aNeoplasias
_xEn lactancia y niñez.
_94965
650 7 _aCancer in adolescence.
_94966
650 2 _aNeoplasms
_xIn infancy and childhood.
_94967
700 1 _aSchwartz, Allen D.,
_d1938-
_ejoint author.
_94968
942 _2lcc
_cCOL. RES.
_n0
999 _c3026
_d3026